Tänä päivänä Suomen historiassa - kesäkuu - Statistics

Yleistilastot
  • Tätä visaa on pelattu 76 kertaa
    72 viimeisimmän päivityksen jälkeen
  • Keskiarvotulos 20 / 30
Vastaustilastot
Päivämäärä Vuosi Vihje Vastaus % Oikein
5.6. 1960 Kolme telttailijaa surmataan tämän järven rannalla Espoossa Bodominjärvi
97%
20.6. 1944 Suomi menettää tämän kaupungin Viipuri
92%
8.6. 1969 Tämä Suomen kansallissäveltäjän puoliso kuolee Aino Sibelius
90%
4.6. 1942 Tämä toisen maailmansodan keskeinen henkilö vierailee marsalkka Mannerheimin 75-vuotissyntymäpäivillä Immolassa Adolf Hitler
87%
19.6. 1947 Tämä Aikuinen nainen-kappaleesta tunnettu pitkän linjan iskelmälaulaja syntyy Paula Koivuniemi
87%
13.6. 1990 Tätä puoluetta edustavasta Elisabeth Rehnistä tulee Suomen ensimmäinen naispuolinen puolustusministeri RKP
86%
15.6. 2018 Abderrahman Bouanane saa elinkautisen vankeusrangaistuksen surmattuaan tällä aseella kaksi ihmistä Turun terrori-iskussa Keittiöveitsi
84%
23.6. 1992 Ruokolahdella tehdään ensimmäinen väitetty havainto tästä eläimestä Leijona
84%
17.6. 1962 Tämä Hanoi Rocks-yhtyeen solisti, oikealta nimeltään Matti Fagerholm, syntyy Michael Monroe
84%
3.6. 2010 Irja Askolasta tulee ensimmäinen tällainen Suomen luterilaisen kirkon historiassa Piispa
83%
29.6. 1952 Armi Kuusela voittaa ensimmäisenä naisena tämän kansainvälisen kauneuskilpailun Miss Universum
81%
14.6. 1991 Seitsemän varusmiestä hukkuu sotaharjoituksessa Taipalsaarella, kun tällainen ajoneuvo vajoaa Saimaahan Panssarivaunu
79%
2.6. 1979 Ensimmäinen Provinssirock-musiikkifestivaali järjestetään tässä kaupungissa Seinäjoki
79%
6.6. 1523 Tämä uskonpuhdistuksen toteuttaja ja Helsingin kaupungin perustaja valitaan Ruotsin kuninkaaksi Kustaa Vaasa
71%
22.6. 1626 Paltamon kirkko romahtaa ensimmäisenä ja ainoana julkisena rakennuksena Suomen historiassa tämän luonnonilmiön johdosta Maanjäristys
68%
12.6. 2021 Suomi pelaa historiansa ensimmäisen ottelun jalkapallon EM-kisojen lopputurnauksessa tätä maata vastaan Tanska
68%
16.6. 1904 Tämä virkailija ampuu Suomen kenraalikuvernööri Nikolai Bobrikovin Eugen Schauman
65%
28.6. 1950 Tämä balettitanssija ja koreografi syntyy Jorma Uotinen
59%
30.6. 2018 Tästä ihmisoikeustapahtumasta tulee yksi Suomen suurimpia yleisötapahtumia 100 000 osanottajalla Helsinki Pride
54%
7.6. 2017 Tästä poliitikosta tulee Helsingin ensimmäinen pormestari Jan Vapaavuori
54%
1.6. 1854 Brittilaivasto tuhoaa Oulun tervahovin osana tätä sotaa Oolannin sota
52%
18.6. 1995 Jyrki Järvilehto voittaa ensimmäisenä suomalaisena tämän vuorokauden mittaisen autokilpailun Le Mansin 24 tunnin ajot
49%
10.6. 1973 Tästä rikospoliisihahmosta tunnettu näyttelijä Minna Haapkylä syntyy Maria Kallio
48%
26.6. 1964 Tämä ralliautoilun nelinkertainen maailmanmestari syntyy Tommi Mäkinen
44%
25.6. 1944 Tämä Pohjoismaiden historian suurin taistelu Karjalankannaksella alkaa Tali-Ihantalan taistelu
43%
27.6. 1775 Asetus tämän maanjaon suorittamisesta Suomessa annetaan Isojako
41%
21.6. 1996 Tämä englantilainen punkyhtye esiintyy ensimmäistä kertaa Suomessa Sex Pistols
41%
9.6. 1944 Neuvostoliitto aloittaa tämän massivisen sotilasoperaation Karjalan kannaksella osana jatkosotaa Suurhyökkäys
40%
11.6. 1932 Tämä kapina puhkeaa Nivalassa kun pienviljelijä Siegfrid Ruuttunen kieltäytyy lopettamasta hevostaan Konikapina
32%
24.6. 1993 Eduskunta päättää nostaa syytteen kauppa- ja teollisuusministeri Kauko Juhantaloa vastaan tässä erityistuomioistuimessa Valtakunnanoikeus
25%
Ehtoja vastaavia visoja ei löytynyt
Tulosjakauma
Jokaisen tuloksen saaneiden osuus
Persentiili vastausten määrän mukaan
Tuloshistoriasi
Et ole pelannut tätä visaa sen viimeisimmän päivityksen jälkeen